00886cam a2200241Ia 4500008004100000020002500041245013100066250001200197260004700209300004700256500002000303504004100323650004000364650002900404650005600433650006000489700002100549700002500570700002200595003000100617005001700618040000900635  a9780702042263 (hbk.)00aBancroft's theory and practice of histological techniques /c[edited by] S. Kim Suvarna, Christopher Layton, John D. Bancroft. a7th ed. a[Oxford] :bChurchill Livingstone,cc2013. axiv, 637 p. :bill. (some col.) ;c26 cm. aIncludes index. aIncludes bibliographical references. 0aHistology, PathologicalxTechnique.12aHistological Techniques. aHuman and comparative histologyxlaboratory manual. aHuman and comparative histologyxlaboratory techniques.1 aSuvarna, S. Kim.1 aLayton, Christopher.1 aBancroft, John D.20230120204205.0 cNUST